| 000 | 00682cam a22002172 4500 | ||
|---|---|---|---|
| 001 | 0000001828 | ||
| 005 | 20151217161130.0 | ||
| 008 | 070328s xx 000 0 eng d | ||
| 020 |
_a0761927336 : _cKES 23,600 (set) |
||
| 040 |
_aKABU _cKABU |
||
| 050 | 0 |
_aHD59 _b.E53 |
|
| 245 | 1 | 0 |
_aEncylopedia of public relations / _cedited by Robert L. Heath. |
| 260 |
_aLondon : _bSage, _c2005. |
||
| 300 | _a2 v. | ||
| 650 | 0 |
_aPublic relations _vEncyclopedias. _@0000150862 |
|
| 700 | 1 |
_aHeath, Robert L. _@0000150863 |
|
| 908 | _a070328 | ||
| 950 | _@1 | ||
| 999 |
_c14889 _d14889 |
||